000 00385cam a22001337a 4500
008 180718b1956 xxu||||| |||| 00| 0 eng d
082 _aB10 E163
100 _aElmer, M.C.
245 _aContemporary social though: contributors and trends
_cby M.C. Elmer
260 _aPittsburgh
_bUniv. of Pittsburgh Press
_c1956
300 _a256p.
500 _a$5.00
650 _aSociology - History
999 _c365026
_d365026